Acteurs du film Le Diable s'habille en Prada par images - Statistiques

Statistiques générales
  • Ce quiz a été pris 102 fois
  • Le résultat moyen est 4 sur 7
Statistiques - réponses
Par images Hint Réponse % Correct
Miranda Priestly Meryl Streep
95%
Andrea Sachs Anne Hathaway
91%
Emily Charlton Emily Blunt
71%
Nigel Kipling Stanley Tucci
58%
Christian Thompson Simon Baker
42%
Nate Cooper Adrian Grenier
16%
le Réalisateur David Frankel
13%
Aucun quiz correspondant
Distribution des résultats
% des personnes avec chaque résultat
Percentile par nombre de réponses
Votre historique - résultats
Vous n’avez pas pris ce quiz